Spectroscopy / (Record no. 52066)

MARC details
000 -LEADER
fixed length control field 00526nam a2200193Ia 4500
005 - DATE AND TIME OF LATEST TRANSACTION
control field 20260429112038.0
008 - FIXED-LENGTH DATA ELEMENTS--GENERAL INFORMATION
fixed length control field 260429s9999||||xx |||||||||||||| ||und||
020 ## - INTERNATIONAL STANDARD BOOK NUMBER
International Standard Book Number 9781804891841
041 ## - LANGUAGE CODE
Language English
082 ## - DEWEY DECIMAL CLASSIFICATION NUMBER
Classification number 543.5
Item number ASH
100 ## - MAIN ENTRY--PERSONAL NAME
Personal name Ashcroft, Caelan
245 #0 - TITLE STATEMENT
Title Spectroscopy /
Statement of responsibility, etc Caelan Ashcroft
260 ## - PUBLICATION, DISTRIBUTION, ETC. (IMPRINT)
Place of publication, distribution, etc United Kingdom :
Name of publisher, distributor, etc Brilliant Publication Ltd. ,
Date of publication, distribution, etc 2025.
300 ## - PHYSICAL DESCRIPTION
Extent xii, 275 p.; hb
650 ## - SUBJECT ADDED ENTRY--TOPICAL TERM
Topical term or geographic name as entry element Analytical chemistry
650 ## - SUBJECT ADDED ENTRY--TOPICAL TERM
Topical term or geographic name as entry element Molecular analysis
650 ## - SUBJECT ADDED ENTRY--TOPICAL TERM
Topical term or geographic name as entry element Spectroscopy
942 ## - ADDED ENTRY ELEMENTS (KOHA)
Koha item type Text Books
Holdings
Withdrawn status Lost status Damaged status Not for loan Collection code Home library Location Shelving location Date of Cataloging Source of acquisition Total Checkouts Full call number Barcode Date last seen Price effective from Koha item type
        Non-fiction CUTN Central Library CUTN Central Library Sciences 29/04/2026 Kiran Book Service, New Delhi - Invoice No. IN-00114 on 09-02-2026   543.5 ASH 57109 29/04/2026 29/04/2026 Text Books